000 01058nam a2200265Ia 4500
003 OSt
005 20221005110821.0
006 a|||||r|||| 00| 0
007 ta
008 221004b |||||||| |||| 00| 0 hin d
020 _a9788126722860 (hbk)
_c350
024 _a17370
037 _bBR8453, 23/03/2015, Rajkamal Prakashan Pvt. Ltd.
_cTextual
040 _aCRL
_cCRL
_bhin
041 _2hin
_ahin
082 _aO152,6N44x, Q2
100 _aमैत्रेयी पुष्पा
245 0 _aफाइटर की डायरी
_b डेमोक्रेसी का दस्तावेज
246 _aFāiṭar kī ḍāyarī: ḍemokresī kā dastāveja
260 _aनई दिल्ली
_bराजकमल प्रकाशन भारत
_c2012
300 _a231पृ0
_ccm.
650 _aहिन्दी साहित्य
942 _hO152,6N44x, Q2
_cTEXL
_2cc
999 _c1019969
_d1019969